00482 a2200145 4500010001400000020002300014035001300037037001500050082001100065100001900076245007900095260003300174270010600207300002300313 aENG-86527 a8183821294c125.00 aEN-70060 bDBAD / PUB14a808.851 aJasvinder Kaur1 aThe worlds greatest speeches :cby Jasvinder Kaurbpower in spoken words / aNew DelhibLotus Pressc2007 a4263/3, Ansari Road, Darya GanjbNew Delhie110 002k011-32903912, 011-23290047mlotus_press@sify.com a215 p.c22cm (Pbk)